000 005130000a22001810004500
090 _aAR
_b00057
245 1 0 _aValoración de riesgos
650 1 4 _aRiesgo ambiental
_913332
650 1 4 _aIncendios forestales
_992901
650 1 4 _aPastoreo
_992902
650 1 4 _aUrbanización
_98865
650 1 4 _aTurismo
_91907
651 4 _dAndalucia
_pEspaña
_992749
041 0 _aEspañol
100 1 _aHernández Bermejo, J. Esteban
_93524
942 _cARTICULO
773 1 _tProtección de Flora en Andalucia
_331
_q31-37
_d1985?
999 _c9159
_d9159